00629nam a2200229 a 4500001001300000003000900013005001700022008004100039020000800080082001600088100002500104245001400129260004400143300000900187500003500196505001600231650002800247902000800275942000700283952009400290999001500384nice12345678IN_TiNIC20260116011538.0050524s1829 cala grm 000 0 31g  ac000a891.51bFIR aFirdausi, Abul Qasim aShahnamah aCalcutta bBaptist Mission Press c1829 a486p aincludes index and biblioraphy2 aIndex, 145p aPersian Poetry-Firdausi bSRS cPM 00104070aHMIbHMId2014-12-20g0.00l0o891.51 FIRp4521r2014-12-20w2026-01-16yARB c2507d2507